| 000 | 00993nam a22002177a 4500 | ||
|---|---|---|---|
| 999 |
_c10870 _d10870 |
||
| 003 | AR-CdUCM | ||
| 008 | 190401b ||||| |||| 00| 0 spa d | ||
| 040 |
_aMUNICIPALIDAD PROVINCIAL DEL CUSCO _cBIBLIOTECA MUNICIPAL DEL CUSCO |
||
| 082 |
_a330.153 / _bSM61 / 1933 |
||
| 100 |
_aSmith, Adam _927727 |
||
| 245 | _aInvestigación de la naturaleza y causas de la riqueza de las naciones / | ||
| 260 |
_aBarcelona : _bBosch, _c1933. |
||
| 300 |
_a339 páginas ; _c23 cm. |
||
| 505 | _aContenido : De la división del trabajo -- Del principio que motiva la división del trabajo -- Que la división del trabajo tiene sus limites según la extensión del mercado publico --Del origen y uso de la moneda -- Del precio real y nominal de toda mercadería o del precio en trabajo, y precio en moneda ... | ||
| 650 |
_aCapital e interes _927728 |
||
| 650 |
_aRiqueza natural _927729 |
||
| 650 |
_aSistema mercantil _927922 |
||
| 650 |
_aMercaderías _927732 |
||
| 942 |
_2ddc _cLIBROS |
||
| 945 | _aacv | ||